000 01020nam0a2200313 4500
001 RU\NLR\BIBL_A\016369313
005 20230607141423.0
010 _a978-5-297-02226-3
_9300
021 _aRU
_bКН-П-23-023659
_9КН-П-23-2356
035 _a(NLR Aleph) 016369313
035 _a(RuMoRGB)011727422
090 _a13176979
_c13176979
100 _a20230515d2022 u y0rusy50 ca
101 0 _arus
102 _aRU
105 _ay|||z|||000 y
181 0 _ai4
_baxxe
182 0 _an
200 1 _aВозвращение
_eповесть
_fАгаси Ибиев
203 _aТекст
_bвизуальный
_cнепосредственный
210 _aМахачкала
_cДагестанское книжное изд-во
_d2022
215 _a271 с.
_d21
686 2 _aШ6(2=Да)7-4
700 1 _aИбиев
_bА. Г.
_gАгаси Гасанович
942 _cBOOK
980 _aNB